| 000 | 01303nam a2200325Ia 4500 | ||
|---|---|---|---|
| 001 | ebr10069069 | ||
| 003 | CaPaEBR | ||
| 006 | m u | ||
| 007 | cr cn||||||||| | ||
| 008 | 040218s2004 onc sb 000 0 eng d | ||
| 020 | _z0887511066 | ||
| 040 |
_aCaPaEBR _cCaPaEBR |
||
| 035 | _a(OCoLC)70773716 | ||
| 050 | 1 | 4 |
_aPN1075 _b.H35 2004eb |
| 082 | 0 | 4 |
_a808.1/07 _222 |
| 100 | 1 | _aHanauer, David Ian. | |
| 245 | 1 | 0 |
_aPoetry and the meaning of life _h[electronic resource] : _breading and writing poetry in language arts classrooms / _cDavid Ian Hanauer ; [edited by Dyanne Rivers]. |
| 260 |
_aToronto : _bPippin Pub. Corp., _cc2004. |
||
| 300 | _a95 p. | ||
| 490 | 1 | _aPippin teacher's library | |
| 504 | _aIncludes bibliographical references (p. 89-93). | ||
| 533 |
_aElectronic reproduction. _bPalo Alto, Calif. : _cebrary, _d2009. _nAvailable via World Wide Web. _nAccess may be limited to ebrary affiliated libraries. |
||
| 650 | 0 |
_aPoetry _xStudy and teaching. |
|
| 650 | 0 |
_aCommunication _xStudy and teaching. |
|
| 655 | 7 |
_aElectronic books. _2local |
|
| 700 | 1 | _aRivers, Dyanne. | |
| 710 | 2 | _aebrary, Inc. | |
| 830 | 0 | _aPippin teacher's library. | |
| 856 | 4 | 0 |
_uhttp://site.ebrary.com/lib/rucke/Doc?id=10069069 _zAn electronic book accessible through the World Wide Web; click to view |
| 999 |
_c29284 _d29284 |
||